Arabic Letters to English Sounds - Statistics

General Stats
  • This quiz has been taken 276 times
  • The average score is 21 of 27
Answer Stats
Hint Answer % Correct
ا a
99%
ب b
85%
ي y
83%
ت t
82%
ز z
82%
ك k
81%
ج j
80%
ل l
80%
ر r
80%
س s
80%
د d
78%
ه h
78%
ث th
78%
و w
78%
م m
77%
ش sh
76%
ح h
75%
ن n
75%
ذ th
74%
ف f
72%
ص s
72%
ط t
71%
ض d
70%
خ ch
69%
ق q
69%
ظ th
68%
غ g
67%
No matching quizzes found
Score Distribution
Percent of People with Each Score
Percentile by Number Answered
Your Score History
You have not taken this quiz